[Event "37th Zalakaros Festival 2018"]
[Site "Zalakaros"]
[Date "2018.05.29"]
[Round "5"]
[White "Pribelszky, Bence"]
[Black "Polajzer, Danilo"]
[Result "1-0"]
[WhiteElo "2187"]
[BlackElo "2273"]
[Annotator "NA"]
[PlyCount "79"]
[EventDate "2018.??.??"]
[EventType "swiss"]
[EventCountry "HUN"]
[SourceTitle "playchess.com"]
[Source "ChessBase"]
[SourceQuality "1"]
[TimeControl "40/5400+30:1800+30"]

1. e4 {[%emt 0:00:04]} c5 {[%emt 0:01:44]} 2. Nf3 {[%emt 0:00:09]} Nc6 {[%emt 0:00:03]} 3. d4 {[%emt 0:00:10]} cxd4 {[%emt 0:00:11]} 4. Nxd4 {[%emt 0:00:11]} e5 {[%emt 0:00:07]} 5. Nb5 {[%emt 0:00:11]} d6 {[%emt 0:00:33]} 6. N1c3 {[%emt 0:00:25]} a6 {[%emt 0:00:13]} 7. Na3 {[%emt 0:00:22]} b5 {[%emt 0:00:12]} 8. Nd5 {[%emt 0:00:44]} Nce7 {[%emt 0:00:14]} 9. c4 {[%emt 0:12:08]} Nxd5 {[%emt 0:00:37]} 10. exd5 {[%emt 0:10:27]} bxc4 {[%emt 0:02:42]} 11. Bxc4 {[%emt 0:04:01]} Be7 {[%emt 0:02:08]} 12. O-O {[%emt 0:02:33]} Nf6 {[%emt 0:00:45]} 13. Nc2 {[%emt 0:07:52]} O-O {[%emt 0:02:32]} 14. Qd3 {[%emt 0:09:42]} a5 {[%emt 0:29:39]} 15. b3 {[%emt 0:04:49]} Nd7 {[%emt 0:03:10]} 16. Ne3 {[%emt 0:07:10]} Nc5 {[%emt 0:16:18]} 17. Qe2 {[%emt 0:07:55]} f5 {[%emt 0:00:05]} 18. f3 Qb6 {[%emt 0:16:39]} 19. Kh1 {[%emt 0:06:31]} Bd7 {[%emt 0:05:01]} 20. Ba3 {[%emt 0:03:30]} f4 {[%emt 0:02:14]} 21. Nd1 {[%emt 0:03:27]} Bf6 {[%emt 0:03:06]} 22. Rc1 {[%emt 0:02:32]} e4 {[%emt 0:07:41]} 23. fxe4 {[%emt 0:02:54]} Be5 {[%emt 0:00:21]} 24. Qf2 {[%emt 0:05:11]} Bg4 {[%emt 0:01:01]} 25. Bxc5 {[%emt 0:06:32]} dxc5 {[%emt 0:00:35]} 26. Ne3 {[%emt 0:02:16]} Bd4 {[%emt 0:01:53]} 27. Rce1 {[%emt 0:00:40]} g5 {[%emt 0:01:31]} 28. Nxg4 {[%emt 0:00:54]} Bxf2 {[%emt 0:00:16]} 29. Rxf2 {[%emt 0:00:38]} Rae8 {[%emt 0:00:42]} 30. e5 {[%emt 0:00:30]} h5 {[%emt 0:00:19]} 31. d6+ {[%emt 0:00:29]} Kg7 {[%emt 0:00:14]} 32. Nf6 {[%emt 0:00:28]} Rxe5 {[%emt 0:02:48]} 33. Nxh5+ {[%emt 0:00:32]} Kh6 {[%emt 0:00:47]} 34. Rxe5 {[%emt 0:00:13]} Kxh5 {[%emt 0:00:01]} 35. Rd2 {[%emt 0:00:46]} Qb4 {[%emt 0:01:00]} 36. Rdd5 {[%emt 0:00:26]} Rg8 {[%emt 0:00:26]} 37. d7 {[%emt 0:00:30]} Qc3 {[%emt 0:00:30]} 38. Be2+ {[%emt 0:00:35]} Kg6 {[%emt 0:00:34]} 39. Rd6+ {[%emt 0:00:29]} Kg7 {[%emt 0:00:33]} 40. Re7+ {[%emt 0:00:00]} 1-0

[Event "37th Zalakaros Festival 2018"]
[Site "Zalakaros"]
[Date "2018.05.29"]
[Round "5"]
[White "Bozinovic, Bogdan"]
[Black "Czebe, Attila"]
[Result "1/2-1/2"]
[WhiteElo "2176"]
[BlackElo "2422"]
[Annotator "TA"]
[PlyCount "49"]
[EventDate "2018.??.??"]
[EventType "swiss"]
[EventCountry "HUN"]
[SourceTitle "playchess.com"]
[Source "ChessBase"]
[SourceQuality "1"]

{[%evp 24,49,63,58,105,0,3,-9,140,143,225,214,220,216,217,207,222,108,105,0,0,0,156,106,87,92,80,0]} 1. d4 d6 2. c4 g6 3. e4 Bg7 4. Ne2 c5 5. d5 b5 6. cxb5 Nf6 7. Nec3 O-O 8. Na3 a6 9. f3 e6 10. Bc4 {A57: Benko/Volga Gambit} (10. Be2 exd5 11. exd5 Nbd7 12. O-O Nb6 13. Bg5 h6 14. Bh4 g5 15. Bf2 axb5 16. Naxb5 Bb7 17. Qb3 Re8 {1-0 (35) Sadler,M (2687)-D'Costa,L (2386) England 2018}) 10... axb5 11. Naxb5 exd5 12. Nxd5 Nxd5 13. Bxd5 {LiveBook: 5 Games} (13. Qxd5 Be6 $11) 13... Ba6 14. Nxd6 $146 (14. Bxa8 $16 Bxb5 15. a4) ({Predecessor:} 14. Bxa8 Bxb5 15. Bd5 Qh4+ 16. g3 Qh3 17. Kf2 Na6 {0-1 (29) Finegold,G (2095)-Abhyankar,A (2200) Novi Sad 1990}) 14... Ra7 $11 15. Bf4 Bxb2 (15... Bd4 $11 {keeps the balance.}) 16. Nxf7 $1 $16 (16. Kf2 Bd4+ 17. Be3 (17. Kg3 $2 g5 $19) 17... Bxe3+ 18. Kxe3 Rd7 $17) 16... Qa5+ ({Not} 16... Raxf7 $2 17. Bxf7+ Kg7 18. Qxd8 $18) (16... Qf6 $16 17. Bg5 Qc3+ 18. Bd2 Qf6) 17. Bd2 $18 Qa3 18. Nd6+ Kg7 {[#]} 19. Rb1 $1 Nd7 {[%cal Bb8d7,Bd7e5,Be5c4][%mdl 32] [#] intending ...Ne5.} 20. Qc2 (20. Bh6+ $1 $18 {is more deadly.} Kxh6 21. Qd2+ Kg7 22. Rxb2) 20... Ne5 $16 21. Nc4 ({Much worse is} 21. Rxb2 $6 Nd3+ 22. Ke2 Nb4+ 23. Nc4 Nxc2 $11) (21. Qxb2 $16 Qxb2 22. Rxb2 Nd3+ 23. Ke2 Nxb2+ 24. Ke3) 21... Bxc4 $1 $11 22. Bxc4 Rd8 $2 (22... Nxc4 $11 23. Qxc4 Qxa2 24. Bc3+ Kh6 25. Bd2+ Kg7 26. Bc3+ Kh6 27. Bd2+ Kg7) 23. Qxb2 ({Don't do} 23. Rxb2 $6 Rxd2 24. Qxd2 Nxc4 $14) 23... Qxb2 24. Rxb2 Nxc4 25. Rc2 {Precision: White = 54%, Black = 47%.} (25. Bc3+ $16 Kf7 26. Re2) 1/2-1/2

[Event "37th Zalakaros Festival 2018"]
[Site "Zalakaros"]
[Date "2018.05.29"]
[Round "5"]
[White "Pasti, Aron"]
[Black "Kernazhitsky, Leonid"]
[Result "1-0"]
[WhiteElo "2064"]
[BlackElo "2250"]
[Annotator "NA"]
[PlyCount "89"]
[EventDate "2018.??.??"]
[EventType "swiss"]
[EventCountry "HUN"]
[SourceTitle "playchess.com"]
[Source "ChessBase"]
[SourceQuality "1"]
[TimeControl "40/5400+30:1800+30"]

1. e4 {[%emt 0:00:05]} c5 {[%emt 0:03:34]} 2. Nf3 {[%emt 0:00:10]} Nc6 {[%emt 0:00:22]} 3. c4 {[%emt 0:00:04]} d6 {[%emt 0:03:24]} 4. d4 {[%emt 0:03:41]} Bg4 {[%emt 0:03:18]} 5. d5 {[%emt 0:02:43]} Nd4 {[%emt 0:03:22]} 6. Qa4+ {[%emt 0:06:20]} Bd7 {[%emt 0:00:50]} 7. Qd1 {[%emt 0:00:08]} Nxf3+ {[%emt 0:00:28]} 8. Qxf3 {[%emt 0:00:06]} g6 {[%emt 0:00:07]} 9. Be2 {[%emt 0:01:25]} Bg7 {[%emt 0:02:08]} 10. O-O {[%emt 0:02:30]} Nf6 {[%emt 0:00:11]} 11. Nc3 {[%emt 0:00:13]} O-O {[%emt 0:00:24]} 12. Qg3 {[%emt 0:01:54]} Ne8 {[%emt 0:08:28]} 13. Bg4 {[%emt 0:13:24]} Nc7 {[%emt 0:01:37]} 14. Bxd7 {[%emt 0:00:10]} Qxd7 {[%emt 0:00:09]} 15. f4 {[%emt 0:02:55]} b5 {[%emt 0:00:24]} 16. cxb5 {[%emt 0:03:06]} Nxb5 {[%emt 0:00:24]} 17. Bd2 {[%emt 0:04:04]} Nd4 {[%emt 0:01:39]} 18. Qd3 {[%emt 0:04:30]} Rab8 {[%emt 0:08:42]} 19. b3 {[%emt 0:02:03]} Rfc8 {[%emt 0:03:54]} 20. Rac1 {[%emt 0:05:47]} f5 {[%emt 0:11:31]} 21. Ne2 {[%emt 0:06:12]} fxe4 {[%emt 0:00:33]} 22. Qxe4 {[%emt 0:00:22]} Qf5 {[%emt 0:01:20]} 23. Qxf5 {[%emt 0:00:28]} gxf5 {[%emt 0:01:04]} 24. Nxd4 {[%emt 0:04:13]} Bxd4+ {[%emt 0:00:17]} 25. Kh1 {[%emt 0:00:04]} Kf7 {[%emt 0:01:20]} 26. Rfe1 {[%emt 0:00:06]} Bf6 {[%emt 0:07:34]} 27. Kg1 {[%emt 0:03:13]} c4 {[%emt 0:04:17]} 28. bxc4 {[%emt 0:03:13]} Rb2 {[%emt 0:00:10]} 29. Bc3 {[%emt 0:00:32]} Rxa2 {[%emt 0:04:45]} 30. Bxf6 {[%emt 0:00:08]} exf6 {[%emt 0:01:06]} 31. Re6 {[%emt 0:00:48]} Rg8 {[%emt 0:00:12]} 32. g3 {[%emt 0:00:16]} Rb8 {[%emt 0:00:25]} 33. Rxd6 {[%emt 0:01:16]} Rbb2 {[%emt 0:00:17]} 34. c5 {[%emt 0:03:38]} Rg2+ {[%emt 0:00:10]} 35. Kh1 {[%emt 0:00:17]} Rxh2+ {[%emt 0:00:09]} 36. Kg1 {[%emt 0:00:01]} Rag2+ {[%emt 0:01:25]} 37. Kf1 {[%emt 0:00:21]} Rf2+ {[%emt 0:03:58]} 38. Kg1 {[%emt 0:00:13]} Rhg2+ {[%emt 0:00:11]} 39. Kh1 {[%emt 0:00:05]} Rxg3 {[%emt 0:00:44]} 40. Rd7+ {[%emt 0:00:00]} Kg6 {[%emt 0:18:32]} 41. Rg1 {[%emt 0:00:23]} Rxg1+ {[%emt 0:09:16]} 42. Kxg1 {[%emt 0:02:35]} Rc2 {[%emt 0:00:20]} 43. c6 {[%emt 0:00:05]} a5 {[%emt 0:08:22]} 44. c7 {[%emt 0:02:53]} Kh5 {[%emt 0:04:02]} 45. d6 {[%emt 0:02:47]} 1-0

[Event "37th Zalakaros Festival 2018"]
[Site "Zalakaros"]
[Date "2018.05.30"]
[Round "6"]
[White "Galyas, Miklos"]
[Black "Horvath, Adam"]
[Result "1-0"]
[WhiteElo "2508"]
[BlackElo "2481"]
[Annotator "TA"]
[PlyCount "53"]
[EventDate "2018.??.??"]
[EventType "swiss"]
[EventCountry "HUN"]
[SourceTitle "playchess.com"]
[Source "ChessBase"]
[SourceQuality "1"]

{[%evp 9,53,8,11,4,10,6,3,10,10,6,22,17,34,23,30,14,23,-24,-19,-41,-36,-58,-22,-85,-83,-95,-3,-79,0,0,-22,8,181,165,180,177,470,470,464,454,464,418,456,425,452,421]} 1. d4 Nf6 2. Nf3 e6 3. Bf4 b6 4. e3 Bb7 5. Nbd2 Nh5 6. Bg5 {A47: 1 d4 Nf6 2 Nf3 b6: Torre, London and Colle Systems} Be7 7. Bxe7 Qxe7 8. a4 {The position is equal.} a6 9. Bd3 f5 $146 ({Predecessor:} 9... d6 10. O-O O-O 11. Re1 Nd7 12. e4 e5 13. c3 c5 {1-0 (35) Sedlak,N (2604)-Horvath,A (2486) Budapest 2018}) 10. O-O O-O 11. c3 d6 12. Qc2 Nd7 13. c4 a5 14. Rae1 Qf6 15. Qd1 Qh6 16. e4 (16. Nb1 $11) 16... Nf4 $17 17. Bb1 Rf6 (17... fxe4 $17 18. Nxe4 Nf6) 18. Kh1 {[#]} (18. h4 $11 {keeps the balance.}) 18... Rg6 (18... g6 $1 $17) 19. g3 $1 $11 {[%cal Rg3f4]} Nh3 $1 20. d5 Nf6 $2 (20... f4 $1 $11) 21. exf5 $18 Ng4 22. Qe2 exf5 $2 (22... Rf6 {is a better defense.}) 23. Bxf5 Rf8 24. Bxg6 Qxg6 25. Qe6+ Qxe6 26. Rxe6 (26. dxe6 $2 {too greedy.} Rxf3 27. Kg2 {[#]} Ng5 $1 $19 {[%mdl 512]}) 26... Bc8 27. Re7 {Precision: White = 37%, Black = 36%.} 1-0

[Event "37th Zalakaros Festival 2018"]
[Site "Zalakaros"]
[Date "2018.05.30"]
[Round "6"]
[White "Nemeth, Miklos"]
[Black "Li, Bo"]
[Result "1/2-1/2"]
[WhiteElo "2491"]
[BlackElo "2319"]
[Annotator "TA"]
[PlyCount "149"]
[EventDate "2018.??.??"]
[EventType "swiss"]
[EventCountry "HUN"]
[SourceTitle "playchess.com"]
[Source "ChessBase"]
[SourceQuality "1"]

{[%evp 12,149,79,63,51,49,85,70,80,69,87,65,56,43,98,78,81,66,166,140,125,108,116,104,121,94,110,27,100,112,131,111,126,54,53,38,66,31,56,70,47,3,0,0,155,157,78,77,82,31,59,29,47,0,69,52,81,52,79,41,43,42,63,42,50,37,28,11,21,9,14,12,77,76,71,30,69,46,41,57,51,45,47,54,106,106,86,106,90,54,62,46,54,50,47,12,12,4,4,-251,5,0,0,0,0,0,0,0,0,0,0,0,0,0,0,0,0,0,0,0,0,0,0,0,0,0,0,0,0,0,0,0,0,0,0,0,0,0,0,0]} 1. e4 c5 2. Nf3 Nc6 3. d4 cxd4 4. Nxd4 Qb6 5. Nb3 Nf6 6. Nc3 d6 7. Bg5 {LiveBook: 680 Games} Be6 {B60: Sicilian: Richter-Rauzer: Unusual Black 6th moves and 6...Bd7 without 7 Qd2} (7... e6 8. Bxf6 gxf6 9. Qd2 Bd7 10. Be2 h5 11. f4 a6 12. O-O-O O-O-O 13. Rhf1 Kb8 14. Rf3 Be7 15. Kb1 h4 16. a3 Rc8 17. Qe1 {1-0 (43) Sjugirov,S (2673)-Alekseenko,K (2588) Moscow 2017}) 8. Be2 h6 9. Be3 Qd8 {White is slightly better.} 10. f4 $146 ({Predecessor:} 10. O-O g6 11. f4 Bg7 12. f5 gxf5 13. exf5 Bd7 14. Nd4 Qc8 15. Kh1 Nxd4 16. Bxd4 Bxf5 {1-0 (34) Reichel,A (1954)-Schwarzmann,T (1905) Bayern 2016}) 10... g6 11. Bf3 Bg7 12. Qe2 a6 (12... Nd7 $14) 13. Nd5 Bxd5 14. exd5 Nb8 (14... Na5 $1 $14) 15. O-O O-O 16. c4 Nbd7 17. Rac1 Rc8 18. Rfd1 Re8 19. Qf2 (19. Nd4 $16) 19... Qc7 (19... e6 $11) 20. Nd4 $16 Qa5 21. a3 Qa4 22. Qe1 (22. Qd2 $16) 22... Nc5 $1 $14 23. Bf2 h5 24. b4 Nb3 25. Nxb3 Qxb3 26. Rc3 Qa4 $1 27. Bd4 Nd7 $2 {[#]} (27... e6 $11) 28. Bxg7 $16 Kxg7 29. Rdc1 Nf6 30. Re3 (30. Qd2 $16) 30... Rc7 31. Qd2 Rec8 32. Rec3 Qd7 (32... a5 $11 33. Bd1 Qd7) 33. Qd4 Qf5 34. h3 Kg8 35. Re1 Ne8 36. c5 Qf6 37. Qxf6 $1 Nxf6 38. Rec1 dxc5 39. bxc5 Rd8 40. Rd1 Rcd7 {[%cal Rf6d5]} 41. Rcd3 Rc7 (41... Rc8 $11) 42. c6 {[#] And now d6 would win.} Rd6 43. Kf2 Kg7 44. g4 hxg4 45. hxg4 g5 46. Kg3 gxf4+ 47. Kxf4 bxc6 (47... Nh7 $14) 48. dxc6 Rcxc6 49. Bxc6 Rxc6 $14 {[%mdl 4096] Endgame KRR-KRN} 50. Rd8 Rc5 51. g5 Nh5+ $1 52. Kg4 Kg6 53. Kh4 Ng7 54. R1d5 Rc4+ 55. Kh3 $2 {[%mdl 8192]} (55. Kg3 $11 {and White is okay.}) 55... Ra4 $2 ({Black should play} 55... Ne6 $19 56. Rg8+ Kh7) 56. R8d7 {The position is equal.} (56. Rh8 {looks sharper.} Ne6 57. Kh2 Rxa3 58. Rg8+ Ng7 59. Kg2) 56... Rxa3+ 57. Kh2 e6 58. Rc5 a5 59. Ra7 a4 60. Rca5 Rf3 61. Kg2 Rf4 62. Rxa4 Rxa4 63. Rxa4 Kxg5 $11 {KR-KN} 64. Ra7 Kg6 65. Kf3 f5 66. Kf4 Kf6 67. Ra6 Nh5+ 68. Kf3 Ke5 69. Ra5+ Kd6 70. Ra6+ Ke7 71. Ra7+ Kf6 72. Ra6 Ng7 73. Kf4 Ne8 74. Rc6 Ng7 75. Ra6 {Precision: White = 42%, Black = 55%.} 1/2-1/2

[Event "37th Zalakaros Festival 2018"]
[Site "Zalakaros"]
[Date "2018.05.30"]
[Round "6"]
[White "Chernyshov, Konstantin"]
[Black "Marosi, Levente"]
[Result "1/2-1/2"]
[WhiteElo "2478"]
[BlackElo "2277"]
[Annotator "TA"]
[PlyCount "49"]
[EventDate "2018.??.??"]
[EventType "swiss"]
[EventCountry "HUN"]
[SourceTitle "playchess.com"]
[Source "ChessBase"]
[SourceQuality "1"]

{[%evp 11,49,20,21,-13,0,0,4,0,0,0,-2,-23,-35,-37,0,0,1,-8,0,0,0,0,0,0,0,-2,-2,-8,-2,-2,-2,-2,-3,-5,-5,-8,-2,-4,0,-8]} 1. c4 Nf6 2. Nc3 e6 3. e4 d5 4. cxd5 exd5 5. e5 Ne4 6. d4 {A18: Englische Eröffnung} (6. Nf3 Bf5 7. d3 Nxc3 8. bxc3 c5 9. d4 c4 10. g3 Be7 11. Bg2 Bd3 12. Ng1 Qa5 13. Bd2 Nc6 14. Ne2 {½-½ (52) Carlsen,M (2843)-Aronian,L (2794) Karlsruhe/Baden-Baden 2018}) 6... Bb4 {LiveBook: 26 Partien} 7. Bd2 Bxc3 $146 ({Vorgänger:} 7... Nxd2 8. Qxd2 Nc6 9. Nf3 Bg4 10. Be2 O-O 11. O-O f6 12. exf6 Qxf6 13. Rae1 Rad8 {0-1 (27) Castro,R (2126)-Carvajal Gordona,J (2183) San Jose 2014}) 8. Bxc3 c5 9. Nf3 O-O 10. dxc5 Nxc3 11. bxc3 Qa5 12. Qb3 Qxc5 13. Be2 {Die Stellung ist ausgeglichen.} Nc6 14. O-O d4 15. cxd4 Nxd4 16. Nxd4 Qxd4 17. Bc4 Qxe5 18. Rfe1 Qf6 19. Rac1 b6 20. Bd5 Be6 21. Bxe6 fxe6 22. Qxe6+ Qxe6 23. Rxe6 Rae8 24. Rd6 Rd8 25. Rxd8 {Precision: Weiß = 77%, Schwarz = 60%.} 1/2-1/2

[Event "37th Zalakaros Festival 2018"]
[Site "Zalakaros"]
[Date "2018.05.30"]
[Round "6"]
[White "Csonka, Attila Istvan"]
[Black "Kincs, Imre"]
[Result "1-0"]
[WhiteElo "2372"]
[BlackElo "2210"]
[Annotator "TA"]
[PlyCount "77"]
[EventDate "2018.??.??"]
[EventType "swiss"]
[EventCountry "HUN"]
[SourceTitle "playchess.com"]
[Source "ChessBase"]
[SourceQuality "1"]

{[%evp 18,77,38,11,29,28,25,17,16,15,8,0,4,0,0,-4,0,0,0,-20,-20,-20,-24,-31,-28,-31,-19,-22,0,0,0,0,0,0,0,0,0,0,21,0,7,0,26,5,84,93,138,98,103,116,118,95,496,496,496,496,483,489,456,475,455,436]} 1. e4 c6 2. d4 d5 3. Nc3 dxe4 4. Nxe4 Nd7 5. Nf3 Ngf6 6. Ng3 e6 7. Bd3 Bd6 8. O-O Qc7 9. Qe2 O-O 10. Re1 b6 {B17: Caro-Kann: Modern Line (4...Nd7)} (10... c5 11. c3 b6 12. Ne5 Bb7 13. Nh5 Nxh5 14. Qxh5 g6 15. Qe2 cxd4 16. cxd4 Nxe5 17. dxe5 Be7 18. Bh6 {½-½ (32) Barcenilla,R (2518)-Laylo,D (2528) Manila 2011}) 11. Bg5 Bb7 12. Rad1 h6 $146 {The position is equal.} ({Predecessor:} 12... Rfe8 13. Ne5 Bf8 14. Nh5 Nxe5 15. Nxf6+ gxf6 16. Bxf6 Ng6 17. h4 c5 18. h5 Qf4 19. hxg6 Qxf6 20. gxf7+ Qxf7 21. Be4 Bxe4 22. Qxe4 Rad8 {0-1 (22) Rostek,J-Dargel,M Germany 1995}) 13. Bxf6 Nxf6 14. Ne4 Be7 15. c3 Rfd8 16. Bc2 c5 17. dxc5 bxc5 18. Nxf6+ Bxf6 19. Be4 Bxe4 20. Qxe4 Rab8 21. Qc2 Rxd1 22. Rxd1 Qa5 23. a3 Qb5 24. Rd2 $1 Qc4 25. g3 g5 26. Ne1 Kg7 27. Ng2 h5 28. h3 Rb7 29. Qd1 Kg6 30. Ne3 Qa6 (30... Qe4 $11) 31. Qf3 $36 {[%mdl 2048] Keeping Black busy.} Be7 32. g4 h4 33. Nc4 {Threatening mate with Ne5+.} Kg7 34. Qe4 Bf6 $2 {[%mdl 8192] [#]} (34... Kg8 $16) 35. Rd6 $1 $18 {[%cal Rd6a6] White is clearly winning.} Qb5 {[#]} 36. a4 $1 {[%cal Ra4b5][%mdl 512]} Qxa4 37. Qxb7 {And now Rd7 would win.} Qxc4 38. Rd7 e5 39. Qd5 {Precision: White = 73%, Black = 41%.} 1-0

[Event "37th Zalakaros Festival 2018"]
[Site "Zalakaros"]
[Date "2018.05.30"]
[Round "6"]
[White "Tompa, Janos"]
[Black "Karacsonyi, Gellert"]
[Result "1/2-1/2"]
[WhiteElo "2372"]
[BlackElo "2208"]
[Annotator "TA"]
[PlyCount "37"]
[EventDate "2018.??.??"]
[EventType "swiss"]
[EventCountry "HUN"]
[SourceTitle "playchess.com"]
[Source "ChessBase"]
[SourceQuality "1"]

{[%evp 22,37,34,45,31,23,50,12,48,16,28,9,73,0,16,0,67,0]} 1. e4 c5 2. Nf3 Nc6 3. d4 cxd4 4. Nxd4 g6 5. Be2 Bg7 6. Nb3 Nf6 7. Nc3 O-O 8. O-O d6 9. Kh1 Be6 10. Bg5 a5 11. a4 Bxb3 12. cxb3 {LiveBook: 7 Games} Nb4 {B70: Sicilian Dragon: 6 g3 and 6 Be2 (without a later Be3)} 13. f4 Rc8 14. Rc1 $146 ({Predecessor:} 14. e5 dxe5 15. fxe5 Nfd5 16. Nxd5 Nxd5 17. Bc4 h6 18. Bxh6 Bxh6 19. Bxd5 e6 {½-½ (28) Zdebskaja,N (2422)-Belic,J (2316) Subotica 2008}) 14... Nd7 {The position is equal.} 15. Bh4 Nc5 16. Bc4 Nc6 (16... Nxe4 $11 17. Nxe4 d5) 17. Bd5 (17. Qf3 $16) 17... Nb4 $11 18. Bc4 (18. Rb1 $11) 18... Nc6 $14 19. Bd5 ({White should play} 19. Qe1 $14) 1/2-1/2

[Event "37th Zalakaros Festival 2018"]
[Site "Zalakaros"]
[Date "2018.05.30"]
[Round "6"]
[White "Ostovic, Matija"]
[Black "Pribelszky, Bence"]
[Result "1-0"]
[WhiteElo "2352"]
[BlackElo "2187"]
[Annotator "TA"]
[PlyCount "75"]
[EventDate "2018.??.??"]
[EventType "swiss"]
[EventCountry "HUN"]
[SourceTitle "playchess.com"]
[Source "ChessBase"]
[SourceQuality "1"]

{[%evp 20,75,25,8,20,15,12,16,24,18,37,25,44,21,22,19,21,0,0,0,6,0,-11,-12,0,-29,0,-16,0,-39,-39,-29,35,32,35,26,50,51,409,465,461,468,468,468,468,468,468,468,456,456,509,522,785,787,777,759,818,814]} 1. d4 Nf6 2. c4 e6 3. Nf3 b6 4. e3 Bb7 5. Bd3 c5 6. O-O Be7 7. Nc3 d5 8. cxd5 exd5 9. b3 O-O 10. Bb2 Nbd7 11. Ne2 {LiveBook: 4 Partien. E14: Damenindisch (Zentralsystem)} (11. Qe2 a6 12. Rfd1 Re8 13. Rac1 Bf8 14. h3 Qe7 15. Bf5 Rad8 16. Bxd7 Nxd7 17. dxc5 Nxc5 18. Nd4 Qg5 {½-½ (66) Bacrot,E (2718)-Lenic,L (2662) chess.com INT 2018}) 11... Rc8 12. Ne5 $146 ({Vorgänger:} 12. Rc1 a6 13. Ng3 Re8 14. Ne5 g6 15. f4 Ne4 16. Nxe4 dxe4 17. Bc4 Nxe5 18. fxe5 Rf8 {½-½ (33) Belov,I (2439)-Kalugin,S (2360) Sochi 2007}) 12... cxd4 13. Nxd7 {Die Stellung ist ausgeglichen.} Qxd7 14. Nxd4 {Droht Lf5 und aus.} Ne4 15. Bb5 Qd8 $1 16. Qg4 Bf6 17. Ba3 Nc5 18. Rad1 a6 19. Bd3 Re8 20. Nf5 g6 21. Bb1 Rc7 22. Ng3 Qc8 23. Qb4 b5 24. Qf4 Be5 25. Qh4 Ne4 (25... a5 $11) 26. Bxe4 $14 dxe4 27. Bd6 $36 {[%mdl 2048] Weiss hat Druck.} Rd7 {[#]} 28. Nf5 $1 {[%mdl 512]} Qd8 $2 {[%mdl 8192]} ({Falsch wäre} 28... gxf5 $2 29. Bxe5 Re6 30. Bf6 $18) ({Günstiger ist} 28... f6 $14 29. Bxe5 Rxe5 30. Rxd7 Qxd7) 29. Nh6+ $18 Kg7 {Weiß steht klar auf Gewinn.} 30. Bxe5+ Rxe5 31. Qxd8 Rxd8 32. Rxd8 Kxh6 {[%mdl 4096] Endspiel KTT-KTL} 33. Rc1 Re7 34. Rcd1 Bc6 35. R8d6 Bb7 36. Rd7 Rxd7 37. Rxd7 Bc8 38. Rxf7 {Precision: Weiß = 65%, Schwarz = 30%.} 1-0

[Event "37th Zalakaros Festival 2018"]
[Site "Zalakaros"]
[Date "2018.05.30"]
[Round "6"]
[White "Zentai, Peter"]
[Black "Kovacs, Judit"]
[Result "1-0"]
[WhiteElo "2327"]
[BlackElo "2127"]
[Annotator "TA"]
[PlyCount "61"]
[EventDate "2018.??.??"]
[EventType "swiss"]
[EventCountry "HUN"]
[SourceTitle "playchess.com"]
[Source "ChessBase"]
[SourceQuality "1"]

{[%evp 14,61,0,-18,0,4,3,-15,38,16,39,28,24,25,41,40,79,77,88,61,54,52,84,80,87,47,82,81,110,100,109,79,89,78,124,119,123,123,114,93,392,291,699,711,776,142,29993,29994,29997,29998]} 1. d4 Nf6 2. c4 g6 3. Nc3 d5 4. Nf3 Bg7 5. e3 O-O 6. Qb3 c6 7. Bd2 e6 8. Bd3 {LiveBook: 76 Games} dxc4 {D95: Grünfeld: 4 Nf3 Bg7 5 e3 0-0 6 Qb3} 9. Bxc4 b5 (9... Nbd7 10. O-O c5 11. Rfd1 Qe7 12. Rac1 b6 13. d5 exd5 14. Bxd5 Rb8 15. e4 Ne5 16. Bf4 {0-1 (39) Korobov,A (2675)-Nepomniachtchi,I (2740) Baku 2016}) 10. Bd3 a6 $146 ({Black should play} 10... Bb7 $11) ({Predecessor:} 10... a5 11. Ne4 Qb6 12. Rc1 Nbd7 13. O-O Nxe4 14. Bxe4 Bb7 15. Ne1 Rfc8 16. Nd3 {1-0 (35) Luft,M (2105)-Magg,C (2145) Germany 1996}) 11. Ne4 $14 Nxe4 12. Bxe4 Bb7 13. Rc1 Re8 14. O-O e5 15. dxe5 Bxe5 16. Nxe5 (16. Rfd1 {is interesting.} Bc7 17. Bb4 Qf6 18. Qd3 a5 19. Bc3) 16... Rxe5 17. Qc2 $1 Nd7 18. Bc3 {[%cal Bd2c3,Bc3d4,Bd4c5][%mdl 32]} (18. Bxc6 Rc8 $15) 18... Re6 19. g3 Qe7 20. Bg2 Ne5 21. Bd4 $36 {[%mdl 2048] Black is under strong pressure.} Rd8 22. Rfd1 Red6 23. b4 Nc4 24. Bc5 Rxd1+ 25. Rxd1 Qc7 26. Rd4 a5 $2 {[%mdl 8192] [#]} (26... Rxd4 $16 27. Bxd4 (27. exd4 Qd7 $16) 27... Qd6) 27. Qd3 Rxd4 $2 (27... Rd5 28. Bxd5 cxd5 29. Rxd5 Bxd5) 28. Qxd4 $18 ({Weaker is} 28. Bxd4 axb4 29. Bc5 Nb6 $16) ({Not} 28. exd4 a4 $14) 28... Bc8 29. Bxc6 $2 (29. Qf6 $18 {is the precise move to win. Bd4 is the strong threat.} axb4 30. Bd4) 29... Qxc6 $4 {[%mdl 8192] [#]} (29... Ne5 $16) 30. Qd8+ Kg7 31. Bf8+ {Precision: White = 56%, Black = 23%.} 1-0